Search the Library Catalogue
| 000 -LEADER | |
|---|---|
| fixed length control field | 00854nam a2200253Ia 4500 |
| 008 - FIXED-LENGTH DATA ELEMENTS--GENERAL INFORMATION | |
| fixed length control field | 191130s1990##################000#0#eng## |
| 020 ## - INTERNATIONAL STANDARD BOOK NUMBER | |
| ISBN | 9780202304106 |
| 082 ## - DEWEY DECIMAL CLASSIFICATION NUMBER | |
| Classification number | 303.48 BLU |
| 100 ## - MAIN ENTRY--AUTHOR NAME | |
| Personal name | Blumer, Herbert |
| 245 ## - TITLE STATEMENT | |
| Title | Industrialization as an agent of social change : a critical analysis |
| Statement of responsibility, etc | by Herbert Blumer ; edited with an introduction by David R. Maines and Thomas J. Morrione |
| 260 ## - PUBLICATION, DISTRIBUTION, ETC. (IMPRINT) | |
| Place of publication | New York |
| Name of publisher | Aldine de Gruyter |
| Year of publication | c1990 |
| 300 ## - PHYSICAL DESCRIPTION | |
| Number of Pages | xxiv, 171 p. ; 24 cm |
| 500 ## - GENERAL NOTE | |
| General note | Includes bibliographical references (p. xiii-xxiv) and index |
| 650 ## - SUBJECT ADDED ENTRY--TOPICAL TERM | |
| Topical Term | Industrialization |
| Topical Term | Power (Social sciences) |
| Topical Term | Social change |
| 700 ## - ADDED ENTRY--PERSONAL NAME | |
| Personal name | Maines, David R |
| Personal name | Morrione, Thomas J |
| 991 ## - | |
| -- | 9962 |
| Withdrawn status | Lost status | Damaged status | Not for loan | Home library | Current library | Shelving location | Date acquired | Full call number | Accession Number | Price effective from | Koha item type |
|---|---|---|---|---|---|---|---|---|---|---|---|
| Anna Centenary Library | Anna Centenary Library | 3RD FLOOR, B WING | 13.10.2020 | 303.48 BLU | 395885 | 13.10.2020 | English Books |